| 000 | 00745cam a22001815a 4500 | ||
|---|---|---|---|
| 001 | L156152 | ||
| 008 | 120501s1811 xxk f 000 0 eng d | ||
| 035 | _a(Sirsi) u156152 | ||
| 041 | 0 | _aeng | |
| 100 | 1 |
_aWoodburn, Samuel _d1785 or 6-1853 |
|
| 245 | 0 | 0 |
_aEcclesiastical topography _ba collection of one hundred views of churches in the environs of London, from drawings expressly taken for this work, accompanied with descriptions from the best sources, both ms. and printed |
| 260 |
_aLondon _bWilliam Miller _c1811 |
||
| 300 |
_a2 v. _bill. _c29 cm. |
||
| 583 | 0 |
_aCondition reviewed _c20120620 _lcondition level 4 and 4, missing spines and detached boards |
|
| 651 | 4 |
_aEngland _y886- |
|
| 690 | _aConservation and restoration | ||
| 942 | _n0 | ||
| 999 |
_c114059 _d114059 |
||